| 000 | 00602cam a22002171 4500 | ||
|---|---|---|---|
| 001 | ca 36000929 | ||
| 003 | DLC | ||
| 005 | 20260227111142.0 | ||
| 008 | 891031s1932 ilua 000 0 eng | ||
| 010 | _aca 36000929 | ||
| 035 | _a(OCoLC)20573832 | ||
| 040 |
_aDLC _cRPB _dDLC |
||
| 042 | _apremarc | ||
| 050 | 0 | 0 |
_aPN6120.C5 _bM58 |
| 082 | _a812.5 | ||
| 100 | 1 | _aMoles, Eleanor. | |
| 245 | 1 | 4 |
_aThe Christmas child, _ba one act play for children, _cby Eleanor Moles. |
| 260 |
_aChicago, _bThe Dramatic Publishing Company _c[c1932] |
||
| 300 |
_a21 p. _bdiagr. _c19 cm. |
||
| 650 | 0 | _aChristmas plays. | |
| 999 |
_c18151 _d18151 |
||